Every Star Trek: TOS Episode - Statistics

General Stats
  • This quiz has been taken 305 times
  • The average score is 62 of 80
Answer Stats
Season # Episode % Correct
Season 1 2 Charlie X
97%
Pilot 1 The Cage
97%
Season 1 6 Mudd's Women
93%
Season 1 11 The Menagerie, Part I
93%
Season 1 12 The Menagerie, Part II
93%
Season 1 8 Miri
90%
Season 1 28 The City on the Edge of Forever
90%
Season 1 3 Where No Man Has Gone Before
90%
Season 2 1 Amok Time
88%
Season 2 4 Mirror, Mirror
88%
Season 3 1 Spock's Brain
88%
Season 1 1 The Man Trap
88%
Season 1 10 The Corbomite Maneuver
87%
Season 1 4 The Naked Time
87%
Season 2 15 The Trouble with Tribbles
87%
Season 1 14 Balance of Terror
85%
Season 1 15 Shore Leave
85%
Season 3 2 The Enterprise Incident
85%
Season 1 7 What Are Little Girls Made Of?
85%
Season 1 18 Arena
84%
Season 2 21 Patterns of Force
84%
Season 2 2 Who Mourns for Adonais?
84%
Season 1 9 Dagger of the Mind
82%
Season 3 8 For the World Is Hollow and I Have Touched the Sky
82%
Season 2 10 Journey to Babel
82%
Season 1 29 Operation - Annihilate!
82%
Season 2 25 Bread and Circuses
81%
Season 2 7 Catspaw
81%
Season 2 8 I, Mudd
81%
Season 2 5 The Apple
81%
Season 2 3 The Changeling
81%
Season 2 6 The Doomsday Machine
81%
Season 1 5 The Enemy Within
81%
Season 3 24 Turnabout Intruder
81%
Season 2 26 Assignment: Earth
79%
Season 1 22 Space Seed
79%
Season 1 21 The Return of the Archons
79%
Season 2 14 Wolf in the Fold
79%
Season 1 26 Errand of Mercy
78%
Season 2 11 Friday's Child
78%
Season 3 10 Plato's Stepchildren
78%
Season 2 24 The Ultimate Computer
78%
Season 1 24 This Side of Paradise
78%
Season 1 19 Tomorrow is Yesterday
78%
Season 3 4 And the Children Shall Lead
76%
Season 2 17 A Piece of the Action
76%
Season 1 20 Court Martial
76%
Season 1 13 The Conscience of the King
76%
Season 1 25 The Devil in the Dark
76%
Season 1 16 The Galileo Seven
76%
Season 3 7 Day of the Dove
75%
Season 3 18 The Lights of Zetar
75%
Season 2 23 The Omega Glory
75%
Season 3 23 All Our Yesterdays
74%
Season 2 18 The Immunity Syndrome
74%
Season 3 3 The Paradise Syndrome
74%
Season 3 13 Elaan of Troyius
72%
Season 3 5 Is There in Truth No Beauty?
72%
Season 3 15 Let That Be Your Last Battlefield
72%
Season 2 16 The Gamesters of Triskelion
72%
Season 1 17 The Squire of Gothos
72%
Season 2 20 Return to Tomorrow
71%
Season 3 21 The Cloud Minders
71%
Season 3 22 The Savage Curtain
71%
Season 2 19 A Private Little War
68%
Season 3 6 Spectre of the Gun
68%
Season 3 20 The Way to Eden
68%
Season 2 12 The Deadly Years
66%
Season 3 9 The Tholian Web
66%
Season 2 22 By Any Other Name
65%
Season 3 17 That Which Survives
65%
Season 3 12 The Empath
65%
Season 3 14 Whom Gods Destroy
65%
Season 1 23 A Taste of Armageddon
63%
Season 2 13 Obsession
63%
Season 3 19 Requiem for Methuselah
63%
Season 1 27 The Alternative Factor
62%
Season 2 9 Metamorphosis
60%
Season 3 11 Wink of an Eye
59%
Season 3 16 The Mark of Gideon
57%
No matching quizzes found
Score Distribution
Percent of People with Each Score
Percentile by Number Answered
Your Score History
You have not taken this quiz